[Event "SVK-chT5 A22 2223"]
[Site "Slovakia"]
[Date "2022.12.17"]
[Round "4.2"]
[White "Stefunko, Vladimir"]
[Black "Szocs, Ladislav"]
[Result "0-1"]
[WhiteElo "1471"]
[BlackElo "1812"]
[PlyCount "69"]
[EventDate "2022.10.15"]
[EventType "team-tourn"]
[EventRounds "9"]
[EventCountry "SVK"]
[SourceTitle "EXT 2024"]
[Source "ChessBase"]
[SourceDate "2023.10.10"]
[SourceVersion "1"]
[SourceVersionDate "2023.10.10"]
[SourceQuality "1"]
[WhiteTeam "Cifer IV"]
[BlackTeam "Topolniky Vrakun II"]
[WhiteTeamCountry "SVK"]
[BlackTeamCountry "SVK"]

1. e4 d5 2. exd5 Nf6 3. d4 Nxd5 4. c4 Nb6 5. Nf3 Bg4 6. Be3 e6 7. Be2 Be7 8. Qb3 Qc8 9. Nc3 0-0 10. Bf4 c6 11. a4 N6d7 12. c5 Bxf3 13. Bxf3 Nf6 14. Bg5 Na6 15. 0-0 Nc7 16. Nb1 Ncd5 17. Na3 b6 18. Bxd5 exd5 19. Rfe1 Re8 20. Re2 bxc5 21. Rae1 c4 22. Qf3 Bxa3 23. Bxf6 Rxe2 24. Rxe2 Bf8 25. Be5 Qd7 26. Qg3 Re8 27. Re3 f6 28. Bxf6 Rxe3 29. fxe3 Qf5 30. Be5 Qb1+ 31. Kf2 Qxb2+ 32. Kf1 c3 33. Qg4 c2 34. Kf2 c1Q+ 35. Kg3 0-1

[Event "SVK-chT3A2 2223"]
[Site "Slovakia"]
[Date "2022.12.04"]
[Round "3.8"]
[White "Stefunko, Vladimir"]
[Black "Libich, Simon"]
[Result "1-0"]
[WhiteElo "1526"]
[BlackElo "1596"]
[PlyCount "95"]
[EventDate "2022.10.16"]
[EventType "team-tourn"]
[EventRounds "9"]
[EventCountry "SVK"]
[SourceTitle "EXT 2024"]
[Source "ChessBase"]
[SourceDate "2023.10.10"]
[SourceVersion "1"]
[SourceVersionDate "2023.10.10"]
[SourceQuality "1"]
[WhiteTeam "Cifer II"]
[BlackTeam "Modranka Komplet II"]
[WhiteTeamCountry "SVK"]
[BlackTeamCountry "SVK"]

1. e4 Nf6 2. Nc3 d5 3. exd5 Nxd5 4. Nxd5 Qxd5 5. c4 Qa5 6. a3 c5 7. Nf3 Bf5 8. Qb3 b6 9. Ne5 f6 10. Qf3 Qa4 11. Qxa8 fxe5 12. Qxb8+ Kf7 13. Qxe5 e6 14. Be2 Be7 15. Bh5+ g6 16. Qxh8 gxh5 17. Qc3 Bf6 18. Qf3 Qxc4 19. d3 Bc3+ 20. Bd2 Bxd2+ 21. Kxd2 Qd4 22. Rac1 Qxb2+ 23. Rc2 Qxa3 24. Rhc1 Qb4+ 25. Ke2 Ke7 26. Kf1 Qb5 27. Rd1 Qa4 28. Rcc1 Qa6 29. Ra1 Qb5 30. Rxa7+ Kd6 31. Qf4+ Kd5 32. Qc4+ Qxc4 33. dxc4+ Kxc4 34. Rb7 b5 35. Rc1+ Kb4 36. Ke2 Be4 37. Rc7 c4 38. f3 Bf5 39. Ke3 Kb3 40. Rc5 Kb4 41. Re5 Ka4 42. Kd2 Bd3 43. Rxe6 Ka3 44. Rc3+ Ka4 45. Rxd3 cxd3 46. Kxd3 b4 47. Kc4 h4 48. Ra6# 1-0

[Event "SVK-chT3A2 2122"]
[Site "Slovakia"]
[Date "2022.04.24"]
[Round "6.8"]
[White "Stefunko, Vladimir"]
[Black "Kramar, Matus"]
[Result "0-1"]
[WhiteElo "1456"]
[BlackElo "1656"]
[PlyCount "66"]
[EventDate "2021.10.10"]
[EventType "team-tourn"]
[EventRounds "11"]
[EventCountry "SVK"]
[SourceTitle "EXT 2024"]
[Source "ChessBase"]
[SourceDate "2023.10.10"]
[SourceVersion "1"]
[SourceVersionDate "2023.10.10"]
[SourceQuality "1"]
[WhiteTeam "Cifer II"]
[BlackTeam "Modranka Komplet"]
[WhiteTeamCountry "SVK"]
[BlackTeamCountry "SVK"]

1. e4 e5 2. Nf3 Nc6 3. Bb5 a6 4. Ba4 b5 5. Bb3 Be7 6. c3 Nf6 7. d3 0-0 8. 0-0 Bb7 9. Re1 d6 10. Nbd2 Na5 11. Bc2 c5 12. Nf1 Rc8 13. Ng3 Re8 14. h3 Bf8 15. Nh2 c4 16. d4 Nc6 17. f4 exd4 18. cxd4 Nb4 19. d5 Nxc2 20. Qxc2 Nxd5 21. Bd2 Qb6+ 22. Kh1 Qf2 23. Nf5 Nxf4 24. Rg1 Bxe4 25. Ng4 Qxg1+ 26. Rxg1 Bxc2 27. Nfh6+ gxh6 28. Bxf4 Re6 29. Rf1 Bg7 30. Rf3 Bd1 31. Rg3 Bxg4 32. Rxg4 Rg6 33. Rh4 Re8 0-1

[Event "Skalica Rapid op"]
[Site "Skalica"]
[Date "2020.08.29"]
[Round "1"]
[White "Jurakic, Lukas"]
[Black "Stefunko, Vladimir"]
[Result "1-0"]
[WhiteElo "1918"]
[BlackElo "1000"]
[PlyCount "47"]
[EventDate "2020.08.29"]
[EventType "swiss (rapid)"]
[EventRounds "7"]
[EventCountry "SVK"]
[SourceTitle "CBM 198 Extra"]
[Source "ChessBase"]
[SourceDate "2020.11.30"]
[SourceVersion "1"]
[SourceVersionDate "2020.11.30"]
[SourceQuality "1"]

1. e4 e5 2. Nf3 Nc6 3. Bb5 Nf6 4. 0-0 Bc5 5. Nxe5 Nxe5 6. d4 Bd6 7. dxe5 Bxe5 8. f4 Bd6 9. e5 Bc5+ 10. Kh1 Ne4 11. Qf3 Nf2+ 12. Rxf2 Bxf2 13. Qxf2 0-0 14. Bd3 d6 15. exd6 Qxd6 16. Nc3 Re8 17. Be3 Bd7 18. Rd1 Qe6 19. Bd4 Rad8 20. Ne4 Qc6 21. Ng5 g6 22. Nxh7 Kxh7 23. Qh4+ Kg8 24. Qh8# 1-0